<?xml version="1.0" encoding="UTF-8"?>
<record
    xmlns:xsi="http://www.w3.org/2001/XMLSchema-instance"
    xsi:schemaLocation="http://www.loc.gov/MARC21/slim http://www.loc.gov/standards/marcxml/schema/MARC21slim.xsd"
    xmlns="http://www.loc.gov/MARC21/slim">

  <leader>02897cam a2200601 a 4500</leader>
  <controlfield tag="001">he 67001665 </controlfield>
  <controlfield tag="003">DLC</controlfield>
  <controlfield tag="005">20260227111449.0</controlfield>
  <controlfield tag="008">910522m19319999xo a          00110 heb  </controlfield>
  <datafield tag="010" ind1=" " ind2=" ">
    <subfield code="a">he 67001665 </subfield>
  </datafield>
  <datafield tag="035" ind1=" " ind2=" ">
    <subfield code="a">(CStRLIN)DCLH91-B1931</subfield>
  </datafield>
  <datafield tag="040" ind1=" " ind2=" ">
    <subfield code="a">DLC</subfield>
    <subfield code="c">DLC-R</subfield>
    <subfield code="d">DLC-R</subfield>
    <subfield code="d">DLC</subfield>
  </datafield>
  <datafield tag="050" ind1="0" ind2="0">
    <subfield code="a">BM522.39</subfield>
    <subfield code="b">.R78 1931</subfield>
  </datafield>
  <datafield tag="066" ind1=" " ind2=" ">
    <subfield code="c">(2</subfield>
  </datafield>
  <datafield tag="100" ind1="1" ind2=" ">
    <subfield code="6">880-01</subfield>
    <subfield code="a">Gr&#xFC;nfeld, Simon,</subfield>
    <subfield code="d">1881-1930.</subfield>
  </datafield>
  <datafield tag="240" ind1="1" ind2="0">
    <subfield code="6">880-02</subfield>
    <subfield code="a">She&#x2BC;elot u-teshuvot Maharshag</subfield>
  </datafield>
  <datafield tag="245" ind1="1" ind2="0">
    <subfield code="6">880-03</subfield>
    <subfield code="a">Sefer Shut Maharshag /</subfield>
    <subfield code="c">me-et Shim&#x2BB;on Grinfeld = Maharschag / Verfasser, Simon Gr&#xFC;nfeld.</subfield>
  </datafield>
  <datafield tag="246" ind1="1" ind2=" ">
    <subfield code="6">880-04</subfield>
    <subfield code="i">Vol. 4 has cover title:</subfield>
    <subfield code="a">Sefer She&#x2BC;elot u-teshuvot Maharshag</subfield>
  </datafield>
  <datafield tag="260" ind1=" " ind2=" ">
    <subfield code="a">V.-Svidnik, Slovakei :</subfield>
    <subfield code="b">M. Gr&#xFC;nfeld,</subfield>
    <subfield code="c">1931-&lt;[1997 or 1998]   &gt;</subfield>
  </datafield>
  <datafield tag="300" ind1=" " ind2=" ">
    <subfield code="a">v. &lt;1-4   &gt; :</subfield>
    <subfield code="b">ill. ;</subfield>
    <subfield code="c">34 cm.</subfield>
  </datafield>
  <datafield tag="500" ind1=" " ind2=" ">
    <subfield code="a">Vols. 2-3 have cover title: Shut Maharshag.</subfield>
  </datafield>
  <datafield tag="500" ind1=" " ind2=" ">
    <subfield code="a">Vol. 3 has title: Sefer Shut &#x1E32;ol Yehuda. Sefer Shut Maharshag.</subfield>
  </datafield>
  <datafield tag="500" ind1=" " ind2=" ">
    <subfield code="a">Vol. 3 has spine title: . Shut &#x1E32;ol Yehudah. Shut Maharshag.</subfield>
  </datafield>
  <datafield tag="500" ind1=" " ind2=" ">
    <subfield code="a">Vol. 2 published: Yerushalayim; v. 3 published: Yerushalayim : Y. Grinfeld; v. 4 published: Boro-Par&#x1E33; : M.Y. Grinfeld ; Bene-Bera&#x1E33; : Sh. A. Grinfeld.</subfield>
  </datafield>
  <datafield tag="500" ind1=" " ind2=" ">
    <subfield code="a">Vol. 3 prefaced by: Sefer Shut &#x1E32;ol Yehuda / mi-kevod Yehuda Grinfeld.</subfield>
  </datafield>
  <datafield tag="500" ind1=" " ind2=" ">
    <subfield code="a">Includes index.</subfield>
  </datafield>
  <datafield tag="650" ind1=" " ind2="0">
    <subfield code="a">Responsa</subfield>
    <subfield code="y">1800-1948.</subfield>
  </datafield>
  <datafield tag="700" ind1="1" ind2="2">
    <subfield code="6">880-05</subfield>
    <subfield code="a">Gruenfeld, Judah,</subfield>
    <subfield code="d">1837-1907.</subfield>
    <subfield code="t">Shut &#x1E32;ol Yehuda.</subfield>
  </datafield>
  <datafield tag="740" ind1="0" ind2=" ">
    <subfield code="a">Maharschag.</subfield>
  </datafield>
  <datafield tag="740" ind1="0" ind2=" ">
    <subfield code="6">880-06</subfield>
    <subfield code="a">Sefer She&#x2BC;elot u-teshuvot Maharshag.</subfield>
  </datafield>
  <datafield tag="740" ind1="0" ind2=" ">
    <subfield code="6">880-07</subfield>
    <subfield code="a">Shut Maharshag.</subfield>
  </datafield>
  <datafield tag="740" ind1="0" ind2=" ">
    <subfield code="6">880-08</subfield>
    <subfield code="a">She&#x2BC;elot u-teshuvot Maharshag.</subfield>
  </datafield>
  <datafield tag="740" ind1="0" ind2=" ">
    <subfield code="6">880-09</subfield>
    <subfield code="a">Shut &#x1E32;ol Yehudah.</subfield>
  </datafield>
  <datafield tag="740" ind1="0" ind2=" ">
    <subfield code="6">880-10</subfield>
    <subfield code="a">She&#x2BC;elot u-teshuvot &#x1E32;ol Yehudah.</subfield>
  </datafield>
  <datafield tag="740" ind1="0" ind2=" ">
    <subfield code="6">880-11</subfield>
    <subfield code="a">&#x1E32;ol Yehudah.</subfield>
  </datafield>
  <datafield tag="740" ind1="0" ind2=" ">
    <subfield code="6">880-12</subfield>
    <subfield code="a">Sefer Shut &#x1E32;ol Yehuda.</subfield>
  </datafield>
  <datafield tag="740" ind1="0" ind2=" ">
    <subfield code="6">880-13</subfield>
    <subfield code="a">Sefer She&#x2BC;elot u-teshuvot &#x1E32;ol Yehuda.</subfield>
  </datafield>
  <datafield tag="740" ind1="0" ind2=" ">
    <subfield code="6">880-14</subfield>
    <subfield code="a">&#x1E32;ol Yehuda.</subfield>
  </datafield>
  <datafield tag="880" ind1="1" ind2=" ">
    <subfield code="6">100-01/(2/r</subfield>
    <subfield code="a">&#x5D2;&#x5E8;&#x5D9;&#x5E0;&#x5E4;&#x5E2;&#x5DC;&#x5D3;, &#x5E9;&#x5DE;&#x5E2;&#x5D5;&#x5DF;.</subfield>
  </datafield>
  <datafield tag="880" ind1="1" ind2="0">
    <subfield code="6">240-02/(2/r</subfield>
    <subfield code="a">&#x5E9;&#x5D0;&#x5DC;&#x5D5;&#x5EA; &#x5D5;&#x5EA;&#x5E9;&#x5D5;&#x5D1;&#x5D5;&#x5EA; &#x5DE;&#x5D4;&#x5E8;&#x5E9;&#x5F4;&#x5D2;</subfield>
  </datafield>
  <datafield tag="880" ind1="0" ind2="0">
    <subfield code="6">245-03/(2/r</subfield>
    <subfield code="a">&#x5E1;&#x5E4;&#x5E8; &#x5E9;&#x5D5;&#x5F4;&#x5EA; &#x5DE;&#x5D4;&#x5E8;&#x5E9;&#x5F4;&#x5D2; /</subfield>
    <subfield code="c">&#x5DE;&#x5D0;&#x5EA; &#x5E9;&#x5DE;&#x5E2;&#x5D5;&#x5DF; &#x5D2;&#x5E8;&#x5D9;&#x5E0;&#x5E4;&#x5E2;&#x5DC;&#x5D3; = Maharschag / Verfasser, Simon Gr&#xFC;nfeld.</subfield>
  </datafield>
  <datafield tag="880" ind1="1" ind2=" ">
    <subfield code="6">246-04/(2</subfield>
    <subfield code="i">Vol. 4 has cover title:</subfield>
    <subfield code="a">&#x5E1;&#x5E4;&#x5E8; &#x5E9;&#x5D0;&#x5DC;&#x5D5;&#x5EA; &#x5D5;&#x5EA;&#x5E9;&#x5D5;&#x5D1;&#x5D5;&#x5EA; &#x5DE;&#x5D4;&#x5E8;&#x5E9;&#x5F4;&#x5D2;</subfield>
  </datafield>
  <datafield tag="880" ind1="1" ind2="2">
    <subfield code="6">700-05/(2/r</subfield>
    <subfield code="a">&#x5D2;&#x5E8;&#x5D9;&#x5E0;&#x5E4;&#x5E2;&#x5DC;&#x5D3;, &#x5D9;&#x5D4;&#x5D5;&#x5D3;&#x5D0;.</subfield>
    <subfield code="t">&#x5E9;&#x5D5;&#x5F4;&#x5EA; &#x5E7;&#x5D5;&#x5DC; &#x5D9;&#x5D4;&#x5D5;&#x5D3;&#x5D0;.</subfield>
  </datafield>
  <datafield tag="880" ind1="0" ind2=" ">
    <subfield code="6">740-06/(2/r</subfield>
    <subfield code="a">&#x5E1;&#x5E4;&#x5E8; &#x5E9;&#x5D0;&#x5DC;&#x5D5;&#x5EA; &#x5D5;&#x5EA;&#x5E9;&#x5D5;&#x5D1;&#x5D5;&#x5EA; &#x5DE;&#x5D4;&#x5E8;&#x5E9;&#x5F4;&#x5D2;.</subfield>
  </datafield>
  <datafield tag="880" ind1="0" ind2=" ">
    <subfield code="6">740-07/(2/r</subfield>
    <subfield code="a">&#x5E9;&#x5D5;&#x5F4;&#x5EA; &#x5DE;&#x5D4;&#x5E8;&#x5E9;&#x5F4;&#x5D2;.</subfield>
  </datafield>
  <datafield tag="880" ind1="0" ind2=" ">
    <subfield code="6">740-08/(2/r</subfield>
    <subfield code="a">&#x5E9;&#x5D0;&#x5DC;&#x5D5;&#x5EA; &#x5D5;&#x5EA;&#x5E9;&#x5D5;&#x5D1;&#x5D5;&#x5EA; &#x5DE;&#x5D4;&#x5E8;&#x5E9;&#x5F4;&#x5D2;.</subfield>
  </datafield>
  <datafield tag="880" ind1="0" ind2=" ">
    <subfield code="6">740-09/(2/r</subfield>
    <subfield code="a">&#x5E9;&#x5D5;&#x5F4;&#x5EA; &#x5E7;&#x5D5;&#x5DC; &#x5D9;&#x5D4;&#x5D5;&#x5D3;&#x5D4;.</subfield>
  </datafield>
  <datafield tag="880" ind1="0" ind2=" ">
    <subfield code="6">740-10/(2/r</subfield>
    <subfield code="a">&#x5E9;&#x5D0;&#x5DC;&#x5D5;&#x5EA; &#x5D5;&#x5EA;&#x5E9;&#x5D5;&#x5D1;&#x5D5;&#x5EA; &#x5E7;&#x5D5;&#x5DC; &#x5D9;&#x5D4;&#x5D5;&#x5D3;&#x5D4;.</subfield>
  </datafield>
  <datafield tag="880" ind1="0" ind2=" ">
    <subfield code="6">740-11/(2/r</subfield>
    <subfield code="a">&#x5E7;&#x5D5;&#x5DC; &#x5D9;&#x5D4;&#x5D5;&#x5D3;&#x5D4;.</subfield>
  </datafield>
  <datafield tag="880" ind1="0" ind2=" ">
    <subfield code="6">740-12/(2/r</subfield>
    <subfield code="a">&#x5E1;&#x5E4;&#x5E8; &#x5E9;&#x5D5;&#x5F4;&#x5EA; &#x5E7;&#x5D5;&#x5DC; &#x5D9;&#x5D4;&#x5D5;&#x5D3;&#x5D0;.</subfield>
  </datafield>
  <datafield tag="880" ind1="0" ind2=" ">
    <subfield code="6">740-13/(2/r</subfield>
    <subfield code="a">&#x5E1;&#x5E4;&#x5E8; &#x5E9;&#x5D0;&#x5DC;&#x5D5;&#x5EA; &#x5D5;&#x5EA;&#x5E9;&#x5D5;&#x5D1;&#x5D5;&#x5EA; &#x5E7;&#x5D5;&#x5DC; &#x5D9;&#x5D4;&#x5D5;&#x5D3;&#x5D0;.</subfield>
  </datafield>
  <datafield tag="880" ind1="0" ind2=" ">
    <subfield code="6">740-14/(2/r</subfield>
    <subfield code="a">&#x5E7;&#x5D5;&#x5DC; &#x5D9;&#x5D4;&#x5D5;&#x5D3;&#x5D0;.</subfield>
  </datafield>
  <datafield tag="999" ind1=" " ind2=" ">
    <subfield code="c">32599</subfield>
    <subfield code="d">32599</subfield>
  </datafield>
</record>
